Power and politics in the Persian gulf monarchies / (Record no. 14419)
[ view plain ]
| 000 -LEADER | |
|---|---|
| fixed length control field | 01400cam a22003497a 4500 |
| 001 - CONTROL NUMBER | |
| control field | 17276475 |
| 005 - DATE AND TIME OF LATEST TRANSACTION | |
| control field | 20170105102854.0 |
| 008 - FIXED-LENGTH DATA ELEMENTS--GENERAL INFORMATION | |
| fixed length control field | 120412s2011 enkb b 001 0 eng d |
| 010 ## - LIBRARY OF CONGRESS CONTROL NUMBER | |
| LC control number | 2012429403 |
| 016 7# - NATIONAL BIBLIOGRAPHIC AGENCY CONTROL NUMBER | |
| Record control number | 015716916 |
| Source | Uk |
| 020 ## - INTERNATIONAL STANDARD BOOK NUMBER | |
| International Standard Book Number | 9781849041225 |
| 020 ## - INTERNATIONAL STANDARD BOOK NUMBER | |
| International Standard Book Number | 1849041229 |
| 020 ## - INTERNATIONAL STANDARD BOOK NUMBER | |
| International Standard Book Number | 9781849041218 |
| 020 ## - INTERNATIONAL STANDARD BOOK NUMBER | |
| International Standard Book Number | 1849041210 |
| 035 ## - SYSTEM CONTROL NUMBER | |
| System control number | (OCoLC)ocn693704796 |
| 040 ## - CATALOGING SOURCE | |
| Original cataloging agency | YDXCP |
| Transcribing agency | YDXCP |
| Modifying agency | UKMGB |
| -- | BWK |
| -- | CDX |
| -- | NDD |
| -- | NLE |
| -- | ZCU |
| -- | IUL |
| -- | DLC |
| 042 ## - AUTHENTICATION CODE | |
| Authentication code | lccopycat |
| 043 ## - GEOGRAPHIC AREA CODE | |
| Geographic area code | ap----- |
| 050 00 - LIBRARY OF CONGRESS CALL NUMBER | |
| Classification number | JQ1840 |
| Item number | .P68 2011b |
| 082 04 - DEWEY DECIMAL CLASSIFICATION NUMBER | |
| Classification number | 320.9536 |
| Edition number | 22 |
| 245 00 - TITLE STATEMENT | |
| Title | Power and politics in the Persian gulf monarchies / |
| Statement of responsibility, etc. | Christopher M. Davidson (editor). |
| 260 ## - PUBLICATION, DISTRIBUTION, ETC. | |
| Place of publication, distribution, etc. | London : |
| Name of publisher, distributor, etc. | C. Hurst & Co., |
| Date of publication, distribution, etc. | 2011. |
| 300 ## - PHYSICAL DESCRIPTION | |
| Extent | viii, 203 p. : |
| Other physical details | map ; |
| Dimensions | 22 cm. |
| 504 ## - BIBLIOGRAPHY, ETC. NOTE | |
| Bibliography, etc. note | Includes bibliographical references (p. 181-187) and index. |
| 505 0# - FORMATTED CONTENTS NOTE | |
| Formatted contents note | Introduction / Christopher M. Davidson -- The United Arab Emirates / Christopher M. Davidson -- Bahrain / Jane Kinninmont -- Saudi Arabia / Kristian Coates Ulrichsen -- Kuwait / David Roberts -- Qatar / Steven Wright -- Oman / Marc Valeri |
| 650 #0 - SUBJECT ADDED ENTRY--TOPICAL TERM | |
| Topical term or geographic name entry element | Monarchy |
| Geographic subdivision | Persian Gulf Region. |
| 651 #0 - SUBJECT ADDED ENTRY--GEOGRAPHIC NAME | |
| Geographic name | Persian Gulf Region |
| General subdivision | Politics and government. |
| 700 1# - ADDED ENTRY--PERSONAL NAME | |
| Personal name | Davidson, Christopher M. |
| Fuller form of name | (Christopher Michael) |
| 906 ## - LOCAL DATA ELEMENT F, LDF (RLIN) | |
| a | 7 |
| b | cbc |
| c | copycat |
| d | 2 |
| e | ncip |
| f | 20 |
| g | y-gencatlg |
| 942 ## - ADDED ENTRY ELEMENTS (KOHA) | |
| Source of classification or shelving scheme | |
| Koha item type | Book |
| Withdrawn status | Lost status | Damaged status | Not for loan | Collection code | Permanent Location | Current Location | Shelving location | Date acquired | Total Checkouts | Full call number | Barcode | Date last seen | Price effective from | Koha item type |
|---|---|---|---|---|---|---|---|---|---|---|---|---|---|---|
| Centre for International Peace & Stability (CIPS) | Centre for International Peace & Stability (CIPS) | General Stacks | 08/27/2013 | 320.9536 DAV 2011 | CIPS0000806 | 08/27/2013 | 08/27/2013 | Book | ||||||
| Centre for International Peace & Stability (CIPS) | Centre for International Peace & Stability (CIPS) | General Stacks | 09/30/2013 | 320.9536 POW 2011 | CIPS0001443 | 12/13/2013 | 12/13/2013 | Book |
